LEADER 04827nam 2200769Ia 450 001 9910779146303321 005 20200520144314.0 010 $a1-283-88996-X 010 $a0-8122-0181-7 024 7 $a10.9783/9780812201819 035 $a(CKB)2550000000104556 035 $a(OCoLC)794702346 035 $a(CaPaEBR)ebrary10576097 035 $a(SSID)ssj0000631149 035 $a(PQKBManifestationID)11372265 035 $a(PQKBTitleCode)TC0000631149 035 $a(PQKBWorkID)10608248 035 $a(PQKB)10155029 035 $a(MdBmJHUP)muse18468 035 $a(DE-B1597)449035 035 $a(OCoLC)979954167 035 $a(DE-B1597)9780812201819 035 $a(Au-PeEL)EBL3441657 035 $a(CaPaEBR)ebr10576097 035 $a(CaONFJC)MIL420246 035 $a(MiAaPQ)EBC3441657 035 $a(EXLCZ)992550000000104556 100 $a20080811d2009 ub 0 101 0 $aeng 135 $aurcn||||||||| 181 $ctxt 182 $cc 183 $acr 200 10$aAliens and sojourners$b[electronic resource] $eself as other in early Christianity /$fBenjamin H. Dunning 210 $aPhiladelphia $cUniversity of Pennsylvania Press$dc2009 215 $a1 online resource (193 p.) 225 1 $aDivinations: rereading late ancient religion 300 $aBibliographic Level Mode of Issuance: Monograph 311 $a0-8122-4156-8 320 $aIncludes bibliographical references and index. 327 $t Frontmatter -- $tContents -- $tIntroduction: Aliens, Christians, and the Rhetoric of Identity -- $tChapter One: Citizens and Aliens -- $tChapter Two :Going to Jesus "Outside the Camp": Alien Identity in Hebrews -- $tChapter Three: Outsiders by Virtue of Outdoing: The Epistle to Diognetus -- $tChapter Four: Foreign Countries and Alien Assets in the Shepherd of Hermas -- $tChapter Five: Strangers and Soteriology in the Apocryphon of James -- $tConclusion -- $tAbbreviations -- $tNotes -- $tBibliography -- $tIndex -- $tAcknowledgments 330 $aEarly Christians spoke about themselves as resident aliens, strangers, and sojourners, asserting that otherness is a fundamental part of being Christian. But why did they do so and to what ends? How did Christians' claims to foreign status situate them with respect to each other and to the larger Roman world as the new movement grew and struggled to make sense of its own boundaries?Aliens and Sojourners argues that the claim to alien status is not a transparent one. Instead, Benjamin Dunning contends, it shaped a rich, pervasive, variegated discourse of identity in early Christianity. Resident aliens and foreigners had long occupied a conflicted space of both repulsion and desire in ancient thinking. Dunning demonstrates how Christians and others in antiquity capitalized on this tension, refiguring the resident alien as being of a compelling doubleness, simultaneously marginal and potent. Early Christians, he argues, used this refiguration to render Christian identity legible, distinct, and even desirable among the vast range of social and religious identities and practices that proliferated in the ancient Mediterranean.Through close readings of ancient Christian texts such as Hebrews, 1 Peter, the Shepherd of Hermas, and the Epistle to Diognetus, Dunning examines the markedly different ways that Christians used the language of their own marginality, articulating a range of options for what it means to be Christian in relation to the Roman social order. His conclusions have implications not only for the study of late antiquity but also for understanding the rhetorics of religious alienation more broadly, both in the ancient world and today. 410 0$aDivinations. 606 $aSelf$xReligious aspects$xChristianity$xHistory of doctrines$yEarly church, ca. 30-600 606 $aTheological anthropology$xChristianity$xHistory of doctrines$yEarly church, ca. 30-600 606 $aStrangers$xReligious aspects$xChristianity$xHistory of doctrines$yEarly church, ca. 30-600 606 $aAlienation (Theology) 606 $aIdentification (Religion) 606 $aOther (Philosophy) 610 $aAncient Studies. 610 $aReligion. 610 $aReligious Studies. 615 0$aSelf$xReligious aspects$xChristianity$xHistory of doctrines 615 0$aTheological anthropology$xChristianity$xHistory of doctrines 615 0$aStrangers$xReligious aspects$xChristianity$xHistory of doctrines 615 0$aAlienation (Theology) 615 0$aIdentification (Religion) 615 0$aOther (Philosophy) 676 $a270.1 700 $aDunning$b Benjamin H$01467606 801 0$bMiAaPQ 801 1$bMiAaPQ 801 2$bMiAaPQ 906 $aBOOK 912 $a9910779146303321 996 $aAliens and sojourners$93757955 997 $aUNINA LEADER 03443nam 22005175 450 001 9911011311403321 005 20251003210250.0 010 $a9783111507255 010 $a3111507254 024 7 $a10.1515/9783111507255 035 $a(CKB)36952619800041 035 $a(DE-B1597)688461 035 $a(DE-B1597)9783111507255 035 $a(MiAaPQ)EBC31894053 035 $a(Au-PeEL)EBL31894053 035 $a(OCoLC)1478578777 035 $a(EXLCZ)9936952619800041 100 $a20241216h20242025 fg 101 0 $aspa 135 $aur||||||||||| 181 $ctxt$2rdacontent 182 $cc$2rdamedia 183 $acr$2rdacarrier 200 13$aEl impacto narrativo del cuerpo humano $eLina Meruane y su ?Trilogía de la enfermedad? /$fRomina Irene Palacios Espinoza 205 $a1st ed. 210 1$aBerlin ;$aBoston :$cDe Gruyter,$d[2024] 210 4$d2025 215 $a1 online resource (XI, 205 p.) 311 08$a9783111506876 311 08$a3111506878 327 $tFrontmatter --$tAgradecimientos --$tÍndice --$tÍndice de tablas --$tIntroducción --$tCapítulo I La irrupción de lo nuevo --$tCapítulo II Modelo pendular: De cuerpo vivido a cuerpo físico --$tCapítulo III La naturaleza fáctica del cuerpo humano: Cuerpo físico --$tCapítulo IV Tiempo y temporalidad --$tCapítulo V Escrituras del cuerpo --$tConclusión: El cuerpo enfermo como desencadenante narrativo --$tBibliografía --$tÍndice conceptual 330 $aEl presente estudio es un análisis interdisciplinario, narratológico y hermenéutico de la representación literaria del cuerpo humano, que resulta del empleo de un aparato conceptual proveniente de la fenomenología, específicamente, del convenio terminológico alemán con que se señala al cuerpo humano desde dos perspectivas complementarias: Leib (cuerpo vivido) y Körper (cuerpo físico). La "Trilogía de la enfermedad" de la autora chilena Lina Meruane (Santiago, 1970), conformada por las novelas Fruta podrida (2007), Sangre en el ojo (2012) y Sistema nervioso (2018), sirve de lienzo para introducir esta herramienta heurística. Esta trilogía plantea un corpus textual fructífero, dado que los cuerpos de las protagonistas se inscriben en el marco de una experiencia corporal concreta, la enfermedad, que es entendida en este trabajo como evento que enuncia una irrupción repentina en el relato y, en consecuencia, marca la pauta narrativa e impacta los niveles estructural y discursivo. 330 $aThe book explores the representation of the human body in Chilean author Lina Meruane's "Trilogy of Sickness" (Rotten Fruit, Blood in the Eye and Nervous System). The interdisciplinary, narratological and hermeneutic analysis draws on the notions "lived body" and "physical body" to highlight how elements and forms of the human body narrative impact the narrative structure and plot development of the three novels. 606 $aLITERARY CRITICISM / Caribbean & Latin American$2bisacsh 610 $aLina Meruane. 610 $acontemporary fiction. 610 $ahuman body. 610 $aphenomenology. 615 7$aLITERARY CRITICISM / Caribbean & Latin American. 700 $aPalacios Espinoza$b Romina Irene$4aut$4http://id.loc.gov/vocabulary/relators/aut$00 801 0$bDE-B1597 801 1$bDE-B1597 906 $aBOOK 912 $a9911011311403321 996 $aEl impacto narrativo del cuerpo humano$94309613 997 $aUNINA